[Event "USA-ch Women 2020"]
[Site "Saint Louis"]
[Date "2020.10.22"]
[Round "6.2"]
[White "Wang, Annie"]
[Black "Samadashvili, Martha"]
[Result "0-1"]
[WhiteElo "2384"]
[BlackElo "2215"]
[Annotator "TA"]
[PlyCount "168"]
[EventDate "2020.10.21"]
[EventType "tourn"]
[EventCountry "USA"]
[SourceTitle "playchess.com"]
[Source "ChessBase"]
[SourceQuality "1"]

{[%evp 18,168,16,11,14,5,15,0,7,-6,16,15,15,15,18,0,18,23,14,0,0,-9,23,17,28,28,31,35,27,0,15,7,27,0,20,18,20,24,26,26,56,66,58,14,97,20,27,0,85,63,70,37,45,-8,29,9,64,15,70,3,9,0,53,0,25,0,59,50,30,0,31,0,247,247,275,266,366,337,445,501,796,763,1354,1261,1530,536,520,510,697,564,755,748,712,714,687,502,626,631,817,830,820,795,740,418,391,420,481,479,475,475,520,275,356,53,66,8,8,8,8,8,8,8,70,-29943,-29950,-29945,-29945,-29954,-29948,-29966,-29967,-29967,-29968,-29970,-29971,-29975,-29972,-29974,-29972,-29974,-29973,-29971,-29971,-5077,-1975,-29987,-29988,-29988,-29988,-29987,-29988,-29988,-29988]} 1. d4 Nf6 2. c4 e6 3. Nf3 d5 4. g3 Be7 5. Nc3 c6 6. Bg2 O-O 7. O-O b6 8. b3 Nbd7 9. Bb2 Ba6 10. Qd3 c5 {E07: Closed Catalan: Main Line (5 Nf3 0-0 6 0-0 Nbd7).} 11. Rfd1 Rc8 12. dxc5 {[#]} Bxc5 $146 {The position is equal.} ({Predecessor:} 12... dxc4 13. bxc4 Rxc5 14. Nb5 Qb8 15. Ba3 Bxb5 16. cxb5 Rd5 17. Qb3 Nc5 18. Qc2 Rc8 {1-0 (48) Portisch,F (2420)-Opl,K (2325) Vienna 1986}) 13. Nb5 Bxb5 (13... e5 $5 14. Nxe5 dxc4 15. bxc4 Bxb5 16. cxb5 Nxe5 17. Bxe5 Bxf2+ {[%mdl 64] Decoy} 18. Kxf2 Ng4+ 19. Kf1 Nxe5 20. Qxd8 Rcxd8 $11) 14. cxb5 Qe7 15. Nd4 Ne5 16. Qb1 Bxd4 17. Bxd4 Ned7 18. Bb2 Qb4 19. Qd3 Rc7 (19... Nc5 $5 {[%cal Rc5d3]} 20. Qe3 Nfe4 $11) 20. a3 Qe7 21. Rac1 Rfc8 22. Rxc7 Rxc7 23. h3 h6 (23... Nc5 $5 {[%cal Rc5d3]} 24. Qe3 Nce4 $11) 24. b4 Rc4 25. Rc1 Rxc1+ 26. Bxc1 Ne5 27. Qc3 Nc4 28. e4 Qd8 29. exd5 exd5 30. Bf1 Nd6 (30... Ne4 $11 {remains equal.} 31. Qd4 Qf6 32. Qxf6 gxf6) 31. Qe5 (31. Qc6 $16) 31... Nc4 $11 32. Qc3 (32. Qf5 $11) 32... Nd6 $16 33. Bb2 Nde4 34. Qd4 Qd7 35. Bg2 (35. a4 $14) 35... Ng5 36. Kh2 Ne6 (36... Qxb5 $11 37. Qf4 Qe2 38. Bxf6 gxf6) 37. Qe5 Qc7 (37... Qd8 $11) 38. Qf5 (38. Qxc7 $14 Nxc7 39. a4) 38... d4 $11 39. Qd3 Qd6 (39... h5 $11) 40. Bc1 (40. f4 $14) 40... Nd7 41. f4 Nf6 (41... h5 $11) 42. f5 $36 {[%mdl 2048] White has some pressure.} Nc7 $1 43. Bf4 Qd7 $1 44. Bc6 Qd8 $2 (44... Qe7 $1 $11) 45. Be5 $18 Qe7 46. Qxd4 Kh7 47. Qd6 Qxd6 48. Bxd6 {[%mdl 4096] Endgame KBB-KNN} Ncd5 (48... Nfd5 $142 49. g4 g6) 49. Bb8 Kg8 50. Bxa7 Kf8 51. Bb8 (51. a4 $142 Nxb4 52. a5) 51... Ke7 52. g4 Nc3 53. Bc7 Nfd5 54. Be5 f6 55. Bd4 Kd6 56. Kg2 Na4 57. Kf3 Ne7 58. Be4 Nd5 59. Bc2 Nac3 60. Bb3 Nxb5 61. Bb2 Nbc7 62. Ke4 Ne7 63. a4 Nc6 64. Bc3 b5 {Now ...bxa4 and Black clings on.} 65. a5 $2 (65. Bd2 $18) 65... Na6 $14 66. h4 ({Better is} 66. Be1 $14) 66... Naxb4 $11 67. g5 hxg5 68. hxg5 Na6 {...Nc5+ is the strong threat.} 69. gxf6 gxf6 ({Black should try} 69... Nc5+ $11 70. Kf4 gxf6) 70. Bxf6 $2 {[%mdl 8192] [#]} (70. Bd1 $14) 70... Nc5+ {[%mdl 64] Double Attack} 71. Kf4 Nxb3 72. Bc3 Nbxa5 73. f6 Ke6 74. Kg5 Nc4 75. Kg6 Nd6 76. Bb2 Nf7 77. Kh5 Nce5 78. Kh4 Kxf6 79. Kg3 Ke6 80. Kf4 Nd3+ {[%mdl 64] [#] Double Attack} 81. Ke3 Nxb2 {Black mates.} 82. Kd2 Kd5 83. Kc3 Na4+ 84. Kb4 Kc6 {Never resign too early! Av CentiPawn Loss W=284/B=-56. Weighted=572/-48} 0-1

[Event "USA-ch Women 2020"]
[Site "Saint Louis"]
[Date "2020.10.22"]
[Round "6.3"]
[White "Derakhshani, Dorsa"]
[Black "Yu, Jennifer"]
[Result "1-0"]
[WhiteElo "2270"]
[BlackElo "2315"]
[Annotator "TA"]
[PlyCount "63"]
[EventDate "2020.10.21"]
[EventType "tourn"]
[EventCountry "USA"]
[SourceTitle "playchess.com"]
[Source "ChessBase"]
[SourceQuality "1"]

{[%evp 9,63,-2,0,-14,-9,-5,45,55,41,41,48,56,105,103,107,102,99,102,112,109,108,111,104,114,117,118,238,177,236,212,210,214,193,202,175,165,181,169,285,270,245,259,251,250,322,324,347,328,1495,810,909,824,29988,29989,29989,29990]} 1. e4 e5 2. Nf3 Nf6 3. Nc3 Bb4 4. a3 Bxc3 5. dxc3 O-O 6. Bg5 {C42: Petroff Defence: 3 Nxe5 and unusual White 3rd moves.} h6 {Strongly threatening ...d6.} 7. Bh4 {[#]} g5 $146 ({Predecessor:} 7... d6 8. Bd3 Na6 9. Nd2 Nc5 10. f3 Be6 11. O-O Qe7 12. Bf2 Nh5 13. Be3 Nf4 14. Bxf4 exf4 {0-1 (40) Sambuev,B (2489)-Zaitsev,A (2431) Tula 2006}) 8. Nxg5 {White is slightly better.} hxg5 9. Bxg5 Kg7 10. h4 {Black must now prevent Qf3.} d6 11. h5 $1 $36 {[%cal Rh5h6][%mdl 2048] Black is under strong pressure.} Be6 12. f4 $1 exf4 {[#]} 13. Rh4 $1 Nbd7 14. Rxf4 Rh8 {[#]} 15. g4 $1 {[%mdl 1024] White has strong compensation.} Qe7 16. Qd4 {aiming for Bb5.} c5 17. Qf2 {Threatens to win with Bb5.} Rag8 (17... Bxg4 $16 {is a better defense.} 18. h6+ Kf8) 18. Bh3 Kf8 (18... Rh6 {was called for.}) 19. Bxf6 Nxf6 20. Rxf6 Bxg4 21. Bxg4 Rxg4 22. O-O-O {And now e5 would win.} Rxh5 23. Rfxd6 Qxe4 {[#]} (23... Qg5+ $142 24. Kb1 Qf4 25. Qxf4 Rxf4) 24. Rf6 $1 {[%mdl 512]} Qe7 25. Rf1 {[%cal Rf6f7]} Rg7 26. Kb1 Re5 27. Rh6 Ke8 28. Qd2 ({Not} 28. Rh8+ Kd7 $16) 28... Qd7 $2 (28... Rg8 29. Rh7 Qc7) 29. Rd6 Qe7 30. Rd1 {Intending Rd8+ and mate.} Qc7 31. Rd8+ Ke7 32. Rd7+ {Black got outplayed after the opening. Av CentiPawn Loss W=-32/B=-97. Weighted=-50/-146} 1-0

[Event "USA-ch Women 2020"]
[Site "Saint Louis"]
[Date "2020.10.22"]
[Round "6.4"]
[White "Abrahamyan, Tatev"]
[Black "Yip, Carissa"]
[Result "0-1"]
[WhiteElo "2358"]
[BlackElo "2421"]
[Annotator "TA"]
[PlyCount "64"]
[EventDate "2020.10.21"]
[EventType "tourn"]
[EventCountry "USA"]
[SourceTitle "playchess.com"]
[Source "ChessBase"]
[SourceQuality "1"]

{[%evp 17,63,27,24,22,22,18,47,10,12,8,20,0,8,0,11,0,23,7,20,22,13,0,0,-101,-94,-143,-166,-372,-365,-418,-416,-610,-610,-812,-841,-972,-980,-29993,-29994,-29994,-29995,-29996,-29997,-29997,-29998,-29998,-29999,-29999]} 1. e4 e5 2. Nf3 Nc6 3. Bb5 a6 4. Ba4 Nf6 5. d3 d6 6. c3 g6 7. O-O Bg7 8. Nbd2 O-O 9. Re1 b5 10. Bc2 {C77: Ruy Lopez: 3...a6 4 Ba4 Nf6, unusual lines.} Bb7 11. a4 Re8 12. Nf1 {White is slightly better.} Nb8 13. Ng3 c5 14. h3 {[#]} Nc6 $146 ({Predecessor:} 14... Nbd7 15. Be3 d5 16. Qd2 Qe7 17. Bh6 Qf8 18. Bxg7 Qxg7 19. Ra3 dxe4 20. dxe4 Nb6 {0-1 (31) Cimer,E (2240)-Di Giannantonio,N (2371) Rosario 2017}) 15. Bg5 h6 16. Be3 Qe7 17. Bb3 Rad8 18. axb5 axb5 19. Nh4 {And now Nxg6 would win.} d5 20. Qf3 (20. Nhf5 $11 gxf5 21. Nxf5) 20... c4 $17 21. exd5 e4 22. Nxe4 $2 (22. dxe4 Ne5 23. Qd1 cxb3 24. Nf3) 22... Ne5 $19 {[%mdl 64] [#] Double Attack} 23. Qg3 {Black must now prevent d6.} Nh5 (23... cxb3 $2 24. Nxf6+ Qxf6 25. Bd4 $19) 24. d6 (24. Bc5 $142 Qd7 25. Qe3 Nxd3 {[%mdl 64] Double Attack} 26. Bc2 Nxe1 27. Rxe1) 24... Rxd6 25. Nxd6 Nxg3 26. Nxe8 Qxh4 27. Nxg7 {[#]} Nf3+ $1 {[%mdl 576] Deflection. Black mates.} 28. gxf3 Qxh3 {[%csl Gg3][%cal Rh3h1]} 29. fxg3 Qxg3+ {[%mdl 64] Double Attack} 30. Kf1 Qxf3+ 31. Bf2 Qh3+ 32. Ke2 Qxd3# {Av CentiPawn Loss W=-92/B=-53. Weighted=-90/-37} 0-1

[Event "USA-ch Women 2020"]
[Site "Saint Louis"]
[Date "2020.10.22"]
[Round "6.5"]
[White "Foisor, Sabina-Francesca"]
[Black "Zatonskih, Anna"]
[Result "1-0"]
[WhiteElo "2228"]
[BlackElo "2420"]
[Annotator "TA"]
[PlyCount "61"]
[EventDate "2020.10.21"]
[EventType "tourn"]
[EventCountry "USA"]
[SourceTitle "playchess.com"]
[Source "ChessBase"]
[SourceQuality "1"]

{[%evp 11,60,4,12,11,22,20,11,4,19,8,14,-5,-5,-25,-22,-28,-10,-66,-63,-64,-71,-80,-60,-56,-56,-133,-139,-127,-143,-125,36,30,58,49,95,84,237,233,238,239,392,366,868,847,1794,1750,29996,29997,29997,29998,29999]} 1. d4 d5 2. Bf4 Nf6 3. Nf3 e6 4. Nbd2 c5 5. e3 Nc6 6. c3 cxd4 7. exd4 {D02: 1 d4 d5 2 Nf3 sidelines, including 2...Nf6 3 g3 and 2...Nf6 3 Bf4.} Nh5 8. Be3 Bd6 9. Ne5 {The position is equal.} g6 10. Nd3 $1 {10.Nd3 scores better than 10.g4.} O-O 11. Be2 Ng7 12. Nf3 f6 {[#]} 13. h4 $146 ({Predecessor:} 13. O-O e5 14. dxe5 fxe5 15. Qb3 Bc7 16. Nb4 Nxb4 17. Qxb4 Nf5 18. Rad1 Nxe3 19. fxe3 {1-0 (43) Christiansen,J (2559)-Fus,J (2326) Lisbon 2019}) 13... Qe7 14. Nh2 (14. a3 $11) 14... e5 $15 15. dxe5 fxe5 16. Ng4 Bxg4 17. Bxg4 Qf7 18. Qb3 ({White should try} 18. g3 $15) 18... e4 $1 $17 19. Nc5 Ne5 20. Be2 b6 $2 (20... Nf5 $1 $17 {[%cal Rf5e3]} 21. O-O b6) 21. Na6 $14 Nf5 22. O-O-O Nxe3 23. fxe3 {[#]} Nc4 $2 {[#] Now Black is done in.} (23... Nd3+ $1 $16 {[%mdl 512] was worth a try.} 24. Bxd3 exd3) 24. Rxd5 $1 $18 {[%mdl 512]} Na5 (24... Qxd5 25. Bxc4) 25. Qd1 {aiming for Rf1.} Bg3 $2 (25... Be7 26. Rf1 Bf6) 26. h5 {Threatens to win with hxg6.} Rac8 $2 (26... Rae8 27. hxg6 hxg6) 27. hxg6 hxg6 28. Rd7 Qxa2 {[#]} 29. Rh8+ $1 {[%mdl 576] Decoy, Clearance. White mates.} Kxh8 30. Qh1+ Kg8 31. Qh7# {Av CentiPawn Loss W=99/B=-126. Weighted=28/-153} 1-0

[Event "USA-ch Women 2020"]
[Site "Saint Louis"]
[Date "2020.10.22"]
[Round "6.6"]
[White "Nguyen, Emily"]
[Black "Eswaran, Ashritha"]
[Result "1-0"]
[WhiteElo "2280"]
[BlackElo "2244"]
[Annotator "TA"]
[PlyCount "61"]
[EventDate "2020.10.21"]
[EventType "tourn"]
[EventCountry "USA"]
[SourceTitle "playchess.com"]
[Source "ChessBase"]
[SourceQuality "1"]

{[%evp 18,61,26,21,18,14,12,5,21,6,24,19,89,70,110,130,191,118,209,218,201,129,127,83,79,84,84,75,84,77,186,193,246,249,336,245,261,255,2257,1920,29980,29981,29977,29977,29998,29999]} 1. d4 Nf6 2. Nf3 e6 3. c4 c5 4. d5 exd5 5. cxd5 d6 6. Nc3 g6 7. g3 Bg7 8. Bg2 O-O 9. O-O Re8 10. Bf4 Bf5 {is currently scoring better than 10...a6. A62: Modern Benoni: Fianchetto Variation without early ...Nbd7.} 11. a4 Ne4 12. Nd2 Nxc3 {The position is equal.} 13. bxc3 {[#] Threatening e4.} Bxc3 $146 (13... g5 $5 {[%cal Rg5f4]} 14. e4 gxf4 15. exf5 Bxc3 $11) ({Predecessor:} 13... g5 14. e4 Bg6 15. Be3 Nd7 16. f4 gxf4 17. gxf4 f5 18. Nc4 Qf6 19. e5 dxe5 20. fxe5 Nxe5 21. Nxe5 Qxe5 22. Bxc5 {½-½ (43) Goryachkina,A (2504)-Batsiashvili,N (2454) Astana 2019}) 14. Nc4 g5 (14... Be4 $11) 15. Rc1 $16 gxf4 16. Rxc3 Na6 (16... Nd7 $16) 17. gxf4 ({White should try} 17. Qd2 $18) 17... Kh8 (17... Nc7 $16 {is a better defense.}) 18. Re1 $1 $18 Qf6 19. Qa1 {aiming for e4.} Be4 20. Nxd6 Qxd6 {[#]} 21. Rc4+ $1 f6 {White must now prevent ...Bxg2.} 22. Bxe4 Qxf4 23. e3 Qg4+ (23... Qd6 $16) 24. Kh1 Rg8 ({Not} 24... Rxe4 $2 25. Qxf6+ Qg7 26. Qxg7+ Kxg7 27. Rxe4 $18) (24... Rf8 {was necessary.} 25. Rg1 Qd7) 25. Qxf6+ Rg7 26. Rec1 Nb4 {[#] Hoping for ...Nd3.} 27. Bf3 $1 $40 {[%mdl 128] Black is in trouble.} Qh3 $2 (27... Qg5 28. Qxg5 Rxg5 29. Rxc5 Nd3 30. Rc8+ {[%mdl 64] Double Attack} Rg8 31. Rxg8+ Rxg8) 28. Rg4 {[%csl Gg4][%cal Rf6g7]} Rag8 29. Rxg7 {White mates.} Rxg7 30. Rg1 {[%csl Gg1][%cal Rf6g7]} Qd7 31. Qf8+ {[%mdl 64] Double Attack. Av CentiPawn Loss W=-30/B=-128. Weighted=-38/-101} 1-0

[Event "USA-ch Women 2020"]
[Site "Saint Louis"]
[Date "2020.10.23"]
[Round "7.1"]
[White "Eswaran, Ashritha"]
[Black "Cervantes Landeiro, Thalia"]
[Result "0-1"]
[WhiteElo "2244"]
[BlackElo "2311"]
[Annotator "TA"]
[PlyCount "104"]
[EventDate "2020.10.21"]
[EventType "tourn"]
[EventCountry "USA"]
[SourceTitle "playchess.com"]
[Source "ChessBase"]
[SourceQuality "1"]

{[%evp 10,104,10,10,11,10,11,0,11,5,18,1,0,0,1,-16,0,0,20,16,19,19,24,23,21,19,34,0,20,21,23,29,29,0,53,30,56,26,66,56,72,58,69,57,53,63,57,54,116,101,106,47,62,18,45,0,0,0,0,0,0,0,37,34,65,68,113,106,93,94,162,152,141,108,117,117,105,109,108,48,120,102,102,106,108,39,39,39,42,44,44,44,45,0,29,-1300,-1230]} 1. e4 e5 2. Nf3 Nc6 3. Bc4 Bc5 4. d3 Nf6 5. O-O d6 6. c3 a5 {C54: Giuoco Piano: 4 c3 Nf6, main lines with 5 d4 and 5 d3.} 7. a4 h6 8. Nbd2 O-O {The position is equal.} 9. Re1 Ne7 10. Nf1 Ng6 11. Ng3 c6 12. Bb3 {[#]} d5 $146 ({Predecessor:} 12... Re8 13. h3 d5 14. exd5 Nxd5 15. d4 exd4 16. Rxe8+ Qxe8 17. Bxd5 cxd5 18. Nxd4 Bd7 {½-½ (107) Duda,J (2731)-Nakamura,H (2749) Saint Louis 2019}) 13. exd5 cxd5 14. d4 exd4 15. Nxd4 Bg4 16. f3 Bd7 17. Bc2 Nh4 18. Qd3 Qb6 19. Be3 Rfe8 20. Bf2 Ng6 21. Qd2 Nh7 (21... Rxe1+ $11 22. Qxe1 Re8) 22. Bf5 (22. Rxe8+ {keeps more tension.} Rxe8 23. Nb3 Bxf2+ 24. Qxf2 Qxf2+ 25. Kxf2 b6 26. Nd4) 22... Bxf5 23. Ndxf5 (23. Ngxf5 {seems wilder.} Ng5 24. Rad1 Ne6 25. Nb5 Rad8 26. b3) 23... Bxf2+ 24. Qxf2 Qxf2+ 25. Kxf2 Nf4 {With the idea ...Nd3+.} 26. Rxe8+ Rxe8 27. Rd1 Nf6 28. Ne3 Re6 (28... b5 $14) 29. Rd4 g5 30. Ngf5 (30. Ne2 $16) 30... Rb6 $1 $14 31. Nd1 Kh7 32. g3 Ne6 33. Rd2 Nc5 34. Rd4 Ne6 35. Rd2 g4 36. Nfe3 $36 {[%mdl 2048] White is more active.} Ng5 37. Nxd5 Nxd5 38. Rxd5 Nxf3 {[%mdl 4096] Endgame KRN-KRN} 39. h3 ({Inferior is} 39. Rxa5 Rd6 $17) 39... Rf6 (39... Kg6 $16) 40. hxg4 $18 Ne5+ 41. Ke2 Re6 42. Kd2 b6 43. Ne3 Nf3+ 44. Ke2 (44. Kd3 $16) 44... Ne5 (44... Ng5 $1 $14) 45. Kf2 Kg6 46. Rd4 Kg5 47. b4 (47. b3 $16) 47... Rc6 $14 48. bxa5 bxa5 49. Rd5 f6 $1 50. c4 Kg6 51. Rd4 Rc5 52. Ke1 $2 {[%mdl 8192] [#]} (52. Kg2 $11) 52... Nf3+ {[%mdl 64] Double Attack. Quite a comeback for Black. Av CentiPawn Loss W=-34/B=-14. Weighted=-69/-16} 0-1

[Event "USA-ch Women 2020"]
[Site "Saint Louis"]
[Date "2020.10.23"]
[Round "7.2"]
[White "Zatonskih, Anna"]
[Black "Nguyen, Emily"]
[Result "1/2-1/2"]
[WhiteElo "2420"]
[BlackElo "2280"]
[Annotator "TA"]
[PlyCount "101"]
[EventDate "2020.10.21"]
[EventType "tourn"]
[EventCountry "USA"]
[SourceTitle "playchess.com"]
[Source "ChessBase"]
[SourceQuality "1"]

{[%evp 14,101,9,15,39,-20,-10,-20,-16,-18,-18,-20,-12,-14,-6,-22,12,11,16,0,14,10,21,20,20,20,20,20,24,22,22,22,31,31,31,26,33,26,39,26,45,43,50,25,23,5,5,5,5,3,7,0,20,0,16,16,18,4,4,0,3,3,4,0,0,0,4,4,49,49,49,49,49,49,49,49,49,49,49,49,49,49,49,49,49,0,49,0,49,0]} 1. d4 d5 2. c4 c6 3. Nf3 Nf6 4. Qc2 e6 5. Nbd2 Nbd7 6. g3 Be7 7. Bg2 O-O 8. O-O b5 {[#] E09: Closed Catalan: Main Line: 7 Qc2 c6 8 Nbd2.} 9. Ne5 $146 ({Better is} 9. c5 $14) ({Predecessor:} 9. c5 a5 10. e4 a4 11. e5 Ne8 12. Re1 Nc7 13. Nf1 a3 14. b3 b4 15. Bd2 f6 16. exf6 Bxf6 17. Bxb4 {1-0 (57) Balog,I (2539)-Vajda,L (2594) Budapest 2013}) 9... Nxe5 $11 10. dxe5 Nd7 {The position is equal.} 11. cxd5 cxd5 12. Nf3 Bb7 13. Be3 Rc8 14. Qd2 Nb6 15. b3 a6 16. Rac1 Nd7 17. Bd4 Nc5 18. Qe3 {[%cal Rd4c5]} Ne4 19. Rxc8 Qxc8 20. Rc1 Qd7 21. Nd2 Nxd2 22. Qxd2 Ba3 23. Rc2 Rc8 24. e3 h6 25. Bf1 Rc6 26. Bd3 Qc7 27. Rxc6 Qxc6 28. Bc2 Bc5 29. Qc3 Bxd4 30. Qxc6 Bxc6 31. exd4 {[%mdl 4096] Endgame KB-KB} b4 32. Bd3 a5 33. f4 h5 34. Kg2 g6 35. Kh3 Kg7 36. Kh4 f6 37. h3 Bd7 38. exf6+ Kxf6 39. g4 hxg4 40. hxg4 Bc6 41. g5+ Kf7 42. Kg3 Be8 43. Kf3 Ke7 44. Ke3 Kd6 45. Be2 Bd7 46. Bf1 Be8 47. Bd3 Ke7 48. Be2 Kd6 49. Bd3 Ke7 50. Be2 Kd6 51. Bd3 {Av CentiPawn Loss W=-6/B=-8. Weighted=-6/-9} 1/2-1/2

[Event "USA-ch Women 2020"]
[Site "Saint Louis"]
[Date "2020.10.23"]
[Round "7.3"]
[White "Yip, Carissa"]
[Black "Foisor, Sabina-Francesca"]
[Result "1-0"]
[WhiteElo "2421"]
[BlackElo "2228"]
[Annotator "TA"]
[PlyCount "43"]
[EventDate "2020.10.21"]
[EventType "tourn"]
[EventCountry "USA"]
[SourceTitle "playchess.com"]
[Source "ChessBase"]
[SourceQuality "1"]

{[%evp 16,43,66,67,100,93,107,108,97,86,109,102,135,112,111,106,166,153,164,157,157,160,162,166,474,473,462,458,455,454]} 1. e4 e5 2. Nf3 Nf6 3. d4 Nxe4 4. Bd3 d5 5. Nxe5 Bd6 6. O-O O-O 7. Nd2 Nd7 8. Nxe4 dxe4 9. Bxe4 Qh4 {C43: Petroff Defence: 3 d4.} 10. Qg4 {[#]} Qxg4 $146 ({Predecessor:} 10... Qe7 11. Nxd7 Bxd7 12. Qf3 Rae8 13. Re1 Qh4 14. g3 Qh3 15. Bd2 c6 16. Qg2 Qh5 17. Bf3 Qg6 {½-½ (17) Kaehmann,J-Mueller,F Bochum 1978}) 11. Nxg4 c6 {[#] ...f5 is the strong threat.White is better.} 12. Ne3 g6 13. b3 f5 14. Bf3 Nf6 15. Nc4 Bc7 (15... Bb4 $16 {keeps fighting.}) 16. Re1 $18 Bd7 17. Bg5 {Hoping for Re7.} Rae8 18. Rxe8 Bxe8 19. Re1 {Threatens to win with Bxf6.} Kg7 $2 (19... Kf7 {is a better chance.} 20. h3 h5 21. Ne5+ Bxe5) 20. Re7+ {[%mdl 64] [#] Double Attack. White is clearly winning.} Rf7 21. Bxf6+ $1 Kxf6 22. Rxe8 {White took control after the opening. Av CentiPawn Loss W=-6/B=-38. Weighted=-7/-46} 1-0

[Event "USA-ch Women 2020"]
[Site "Saint Louis"]
[Date "2020.10.23"]
[Round "7.4"]
[White "Yu, Jennifer"]
[Black "Abrahamyan, Tatev"]
[Result "0-1"]
[WhiteElo "2315"]
[BlackElo "2358"]
[Annotator "TA"]
[PlyCount "78"]
[EventDate "2020.10.21"]
[EventType "tourn"]
[EventCountry "USA"]
[SourceTitle "playchess.com"]
[Source "ChessBase"]
[SourceQuality "1"]

{[%evp 20,78,47,5,32,30,22,15,39,27,39,30,65,41,95,73,166,147,142,51,50,59,85,73,99,42,28,-287,-8,0,0,0,0,0,0,-70,-80,-66,-70,-77,-70,-83,-78,-60,-66,-189,-202,-193,-183,-339,-325,-474,-472,-895,-893,-1287,-863,-841,-839,-827,-814]} 1. e4 e6 2. d4 d5 3. Nc3 Bb4 4. e5 Ne7 5. a3 Bxc3+ 6. bxc3 c5 7. Qg4 cxd4 8. Qxg7 Rg8 9. Qxh7 Qc7 10. Ne2 Nbc6 11. f4 dxc3 {Nowadays more popular than 11...Bd7. C18: French: 3 Nc3 Bb4: Main line: 7 h4 and 7 Qg4.} 12. h4 Bd7 13. h5 O-O-O {The position is equal.} 14. Qd3 $1 (14. Qxf7 Rdf8 $19) 14... d4 15. Rb1 ({Much weaker is} 15. Nxd4 Nxd4 16. Qxd4 Bb5 $15) 15... Be8 16. h6 $36 {[%mdl 2048] aiming for g4! White has some pressure.} f6 (16... Nd5 $14) 17. exf6 $16 Bg6 (17... Nd5 $16 {keeps fighting.}) 18. Qc4 $18 {[#]} ({Much less strong is} 18. fxe7 $6 Nxe7 19. Qh3 Bf5 $14) 18... Nd5 $146 ({Predecessor:} 18... Nf5 19. Qxe6+ Kb8 20. f7 Bxf7 21. Qxf5 Bg6 22. Qb5 Bxc2 23. f5 Rge8 24. Bf4 Ne5 {½-½ (64) Bakunts,R (2396)-Shahinyan,D (2431) Yerevan 2016}) 19. Nxd4 (19. f7 $1 $16 {[%cal Rf7g8]} Rh8 20. Nxd4 Nxd4 21. Qxd4 Bxc2 22. Rb5) 19... Nxd4 $14 20. Qxd4 Bxc2 21. Rb5 b6 22. Kf2 ({Better is} 22. Rh5 $1 $16) 22... Rgf8 $1 23. Bc4 $2 {[%mdl 8192] [#]} (23. Be2 $11 {and White has nothing to worry.}) 23... Nxf6 $2 ({Black should play} 23... e5 $1 $19 {[%cal Re5d4][%mdl 512]} 24. Qxd5 (24. fxe5 $2 Nxf6 {[%mdl 64] Discovered Attack} 25. Be6+ Kb8 $19) (24. Qxe5 Qxc4) 24... Rxd5 25. Bxd5 Qd7) 24. Bxe6+ $11 Kb8 25. Qe5 $1 {[%cal Re5c7]} Ne4+ 26. Kg1 Ng3 27. Qxc7+ (27. Rh3 $1 $11 Rd1+ 28. Kh2 Nf1+ 29. Kg1 Nd2+ 30. Kh2 Qxe5 31. Rxe5 Nf1+ 32. Kg1) 27... Kxc7 $15 28. Rh3 Rd1+ 29. Kh2 Nf1+ 30. Kg1 $1 Rxc1 31. Rxc3+ Kd6 $1 {[%cal Rd6e6]} 32. f5 (32. Ba2 $1 $15 Ne3+ 33. Kh2) 32... Ne3+ $1 $19 33. Kh2 {[#]} Re1 $1 {Threatens to win with ...Rh8.} 34. h7 $2 (34. g4 Nxg4+ {[%mdl 64] Double Attack} 35. Kg3 Re3+ 36. Rxe3 Nxe3 37. h7) 34... Rh8 35. Kg3 (35. Bg8 {was forced.} Re2 36. Rxc2 Rxc2 37. Kg3) 35... Rxh7 {Black is clearly winning.} 36. Rc8 (36. Rb4 $142) 36... Rf1 37. Rd8+ {[#]} Kc7 $1 38. Rc8+ {[#]} Kb7 $1 {( -> ...Rg7+)} 39. Rg8 Bxf5 {Black used his chance. Av CentiPawn Loss W=-64/B=-35. Weighted=-75/-37} 0-1

[Event "USA-ch Women 2020"]
[Site "Saint Louis"]
[Date "2020.10.23"]
[Round "7.5"]
[White "Samadashvili, Martha"]
[Black "Derakhshani, Dorsa"]
[Result "1/2-1/2"]
[WhiteElo "2215"]
[BlackElo "2270"]
[Annotator "TA"]
[PlyCount "78"]
[EventDate "2020.10.21"]
[EventType "tourn"]
[EventCountry "USA"]
[SourceTitle "playchess.com"]
[Source "ChessBase"]
[SourceQuality "1"]

{[%evp 18,78,18,18,26,19,30,2,3,5,9,2,7,0,15,-7,-7,-7,-9,0,-2,-28,-27,-20,18,-7,0,0,0,0,0,-17,-19,-10,-12,-11,-5,-10,-12,-10,0,-4,0,-16,-10,-40,-20,-12,-19,-15,0,0,0,0,0,0,0,0,0,0,0,0,0]} 1. e4 e5 2. Nf3 Nc6 3. Bc4 Bc5 4. c3 Nf6 5. d3 a6 6. O-O Ba7 7. Bb3 d6 8. Re1 h6 9. Nbd2 {[%cal Bb1d2,Bd2f1,Bf1g3][%mdl 32]} O-O 10. Nf1 Be6 {C54: Giuoco Piano: 4 c3 Nf6, main lines with 5 d4 and 5 d3.} 11. Ng3 Qd7 12. Be3 Bxe3 13. Rxe3 {[#]} d5 $146 ({Predecessor:} 13... Rae8 14. d4 Bxb3 15. Qxb3 exd4 16. cxd4 b5 17. Qc3 Ne7 18. Qc2 Rc8 19. d5 c5 20. dxc6 Nxc6 {1-0 (34) Belsak,Z (2109)-Grosar,G (1840) Ptuj 2011}) 14. exd5 Nxd5 15. Re1 Nf4 16. Nxe5 Nxe5 17. Rxe5 Nxd3 18. Re3 Rad8 ({Wrong is} 18... Nxb2 $2 19. Qe2 $18) 19. Qe2 Bxb3 20. axb3 c5 21. Qc2 Nf4 22. Qe4 Ne6 23. h4 Qd5 24. Nf5 Qxe4 ({Much worse is} 24... Qxb3 $6 {[#]} 25. Qg4 $1 $16 {[%mdl 512]}) 25. Rxe4 Rd2 26. Rb1 Rfd8 27. Kf1 Kh7 28. Re2 Rd1+ 29. Re1 R1d2 30. Re2 Nf4 31. Re4 g5 32. hxg5 {The position is equal.} hxg5 33. g3 $1 {[%cal Rg3f4]} Ne6 34. Re2 Rd1+ (34... R2d3 {looks sharper.} 35. Ne3 Kg6 36. Ra1 R8d6 37. Nc4 Rd1+) 35. Rxd1 Rxd1+ 36. Re1 Rd2 {...Kg6 is the strong threat.} 37. Re2 Rd1+ 38. Re1 Rd2 {And now ...Kg6 would win.} 39. Re2 Rd1+ {An uneventful encounter. Av CentiPawn Loss W=-5/B=-3. Weighted=-6/-4} 1/2-1/2